000 01207 a2200253 4500
003 Nust
005 20221121094259.0
010 _a 97038651
020 _a818630875X
040 _cNust
082 0 0 _a621.381,LOW
245 0 0 _aLow-Power CMOS Design /
_cedited by Anantha Chandrakasan, Robert Brodersen.
260 _aNew York :
_bIEEE Press,
_cc1998.
300 _axii, 629 p. :
_bill. ;
_c29 cm.
505 _aOverview (Page-3), Low Voltage Technology and Circuits (Page-59), Efficient DC –DC Conversion and Adaptive Power Supply Systems (Page-127), Circuits and Logic Styles (Page-189), Driving Interconnect (Page-273), Memory Circuits (Page-311), Portable Terminal Electronic (Page-367), Computer Aided Design Tools (Page-457).
650 0 _aDigital integrated circuits
_xComputer-aided design.
_9103226
650 0 _aTelecom engineering
_9103227
650 0 _aTelecom engineering
_9103227
700 1 _aBrodersen, Robert W.,
_d1945-
_9103228
700 1 _aChandrakasan, Anantha P.
_9103229
856 4 2 _3Publisher description
_uhttp://www.loc.gov/catdir/description/wiley036/97038651.html
856 4 2 _3Table of Contents
_uhttp://www.loc.gov/catdir/toc/onix07/97038651.html
942 _2ddc
_cBK
999 _c181515
_d181515